Life of Mohammad (Record no. 2686)

MARC details
000 -LEADER
fixed length control field 00589nam a2200241 a 4500
020 ## - INTERNATIONAL STANDARD BOOK NUMBER
ISBN
082 00 - DEWEY DECIMAL CLASSIFICATION NUMBER
Classification number 297.63
Author Cutter MUI4
100 ## - MAIN ENTRY--AUTHOR NAME
Author name Muir, William
245 ## - TITLE STATEMENT
Title Life of Mohammad
Sub title from Original Sources
260 ## - PUBLICATION, DISTRIBUTION, ETC. (IMPRINT)
Place of publication London
Name of publisher Smith Elder and Co.
Year of publication 1923
300 ## - PHYSICAL DESCRIPTION
Number of Pages 613p
500 ## - GENERAL NOTE
General note includes index and biblioraphy
505 2# - FORMATTED CONTENTS NOTE
Formatted contents note Indices
650 ## - SUBJECT ADDED ENTRY--TOPICAL TERM
Topical Term Muhammad, Prophet
942 ## - ADDED ENTRY ELEMENTS (KOHA)
Koha item type Books
700 1# -
-- Muir, William
Holdings
Home library Current library Date acquired Cost, normal purchase price Full call number Accession Number Koha item type
Henry Martyn Institute Library Henry Martyn Institute Library   100.00 297.63 MUI4 1170 Archive Book
Henry Martyn Institute Library Henry Martyn Institute Library   100.00 297.63 MUI4 1171 Archive Book
                   Copyright © 2026 | Henry Martyn Institute | Hyderabad | TS-500052 | INDIA | Implemented by hmi.edu.in
Hit-Count:

Powered by Koha